Ride a camel?/ (Record no. 799039)
[ view plain ]
| 000 -LEADER | |
|---|---|
| fixed length control field | 00875nam a22002297a 4500 |
| 003 - CONTROL NUMBER IDENTIFIER | |
| control field | 3228 |
| 005 - DATE AND TIME OF LATEST TRANSACTION | |
| control field | 20260527171154.0 |
| 008 - FIXED-LENGTH DATA ELEMENTS--GENERAL INFORMATION | |
| fixed length control field | 260513b sa ||||| |||| 00| 0 eng d |
| 020 ## - INTERNATIONAL STANDARD BOOK NUMBER | |
| International Standard Book Number | 9780716621850 |
| Qualifying information | hardcover |
| 040 ## - CATALOGING SOURCE | |
| Original cataloging agency | MPL |
| Transcribing agency | 3228 |
| Description conventions | |
| 082 #0 - DEWEY DECIMAL CLASSIFICATION NUMBER | |
| Classification number | J 599.6362 GUIB |
| 100 ## - MAIN ENTRY--PERSONAL NAME | |
| 9 (RLIN) | 188589 |
| Personal name | Guibert, Grace |
| 245 ## - TITLE STATEMENT | |
| Title | Ride a camel?/ |
| Statement of responsibility, etc. | Written by Grace Guibert |
| 260 ## - PUBLICATION, DISTRIBUTION, ETC. | |
| Place of publication, distribution, etc. | Chicago, Illinois : |
| Name of publisher, distributor, etc. | World Book, Inc., |
| Date of publication, distribution, etc. | 2018. |
| 300 ## - PHYSICAL DESCRIPTION | |
| Extent | 48 pages : |
| Other physical details | color illustrations ; |
| Dimensions | 24 cm |
| 490 ## - SERIES STATEMENT | |
| Series statement | Where in the world can I |
| International Standard Serial Number | 9780716621782 |
| 504 ## - BIBLIOGRAPHY, ETC. NOTE | |
| Bibliography, etc. note | Includes bibliographical references and index. |
| 520 ## - SUMMARY, ETC. | |
| Summary, etc. | This book describes camels and their relatives and visits places around the world where you can ride them! |
| 521 ## - TARGET AUDIENCE NOTE | |
| Target audience note | Ages 9-12. |
| 650 #0 - SUBJECT ADDED ENTRY--TOPICAL TERM | |
| 9 (RLIN) | 195854 |
| Topical term or geographic name entry element | Camels |
| Form subdivision | Juvenile fiction |
| 942 ## - ADDED ENTRY ELEMENTS | |
| Source of classification or shelving scheme | Dewey Decimal Classification |
| item type | book |
| -- | 923 |
| -- | Itumeleng Itswene |
| -- | 923 |
| -- | Itumeleng Itswene |
| Withdrawn status | Lost status | Source of classification or shelving scheme | Damaged status | Not for loan | Collection code | Home library | Current library | Shelving location | Date acquired | Cost, normal purchase price | Total Checkouts | Full call number | Barcode | Date last seen | Price effective from | item type |
|---|---|---|---|---|---|---|---|---|---|---|---|---|---|---|---|---|
| Dewey Decimal Classification | 500: Science | MBOMBELA REGIONAL LIBRARY | MBOMBELA REGIONAL LIBRARY | Non Fiction | 13.05.2026 | 225.95 | J 599.6362 GUIB | 33228031143720 | 13.05.2026 | 13.05.2026 | book | |||||
| Dewey Decimal Classification | 500: Science | MBOMBELA REGIONAL LIBRARY | MBOMBELA REGIONAL LIBRARY | Non Fiction | 13.05.2026 | 225.95 | J 599.6362 GUIB | 3322803165808 | 13.05.2026 | 13.05.2026 | book |